Basic principles of supervision (Record no. 20960)

MARC details
000 -LEADER
fixed length control field 00345nam a2200133Ia 4500
082 ## - DEWEY DECIMAL CLASSIFICATION NUMBER
Classification number 658.3
Item number ADA
100 ## - MAIN ENTRY--AUTHOR NAME
Personal name Adams, Harold P
245 #0 - TITLE STATEMENT
Title Basic principles of supervision
260 ## - PUBLICATION, DISTRIBUTION, ETC. (IMPRINT)
Place of publication New Delhi
Name of publisher Eurasia
Year of publication 1957
650 ## - SUBJECT ADDED ENTRY--TOPICAL TERM
Topical Term Personnel management
700 ## - ADDED ENTRY--PERSONAL NAME
Personal name Dickey, Frank G
942 ## - ADDED ENTRY ELEMENTS (KOHA)
Koha item type Books
Holdings
Withdrawn status Lost status Damaged status Not for loan Home library Current library Date acquired Cost, normal purchase price Full call number Accession Number Koha item type
        RRII Library RRII Library 16/12/2021 7.50 658.3 ADA 01682 Books